书目信息 |
| 题名: |
元曲一百首
|
|
| 作者: | 蒋星煜 , 张〓 , 张=注 注译 | |
| 分册: | ||
| 出版信息: | 上海 上海古籍出版社 1997 |
|
| 页数: | 147页 | |
| 开本: | 19cm | |
| 丛书名: | 诗词曲精选系列 | |
| 单 册: | ||
| 中图分类: | I222.9 | |
| 科图分类: | 44.376149 | |
| 主题词: | 元曲--中国--选集 | |
| 电子资源: | ||
| ISBN: | 7-5325-2199-0 | |
| 000 | 00845nam2 2200301 45 | |
| 001 | 0197034236 | |
| 005 | 19971031100636.0 | |
| 009 | 0197034236 | |
| 010 | @a7-5325-2199-0@dCNY9.90 | |
| 100 | @a19971020d1997 em y0chiy0121 ea | |
| 101 | 0 | @achi |
| 102 | @aCN@b310000 | |
| 105 | @af z 000gd | |
| 200 | 10 | @a元曲一百首@Ayuan qu yi bai shou@f蒋星煜,张=注译@Fjiang xing yu,zhang=zhu yi |
| 210 | @a上海@c上海古籍出版社@d1997 | |
| 215 | @a147页@c彩图@d19cm | |
| 225 | 2 | @a诗词曲精选系列 |
| 303 | @a〓=[氵(微-彳)](wei) | |
| 410 | 0 | @120010@a诗词曲精选系列 |
| 606 | @a元曲@y中国@x选集 | |
| 690 | @aI222.9@v3 | |
| 692 | @a44.376149@v2 | |
| 701 | 0 | @a蒋星煜@Ajiang xing yu@4注译 |
| 701 | 0 | @a张〓@Azhang wei@4注译 |
| 701 | 0 | @a张=注@Azhang=zhu@4译 |
| 801 | 0 | @aCN@bNLC@c19971031 |
| 905 | @aBZT@dI222.9@e7 | |
| 906 | @d¥9.90@n0@r1 | |
| 元曲一百首/蒋星煜,张=注译.-上海:上海古籍出版社,1997 |
| 147页:彩图;19cm.-(诗词曲精选系列) |
| ISBN 7-5325-2199-0:CNY9.90 |
| ● |
| 相关链接 |
|
|
|
正题名:元曲一百首
索取号:I222.9/7
 
预约/预借
| 序号 | 登录号 | 条形码 | 馆藏地/架位号 | 状态 | 备注 |
| 1 | 405316 | 210344297 | 中心书库中库/打包BH1134/ [索取号:I222.9/7] | 在馆 | |
| 2 | 405317 | 210344322 | 中心书库中库/打包BH1134/ [索取号:I222.9/7] | 在馆 | |
| 3 | 405318 | 210344340 | 中心书库中库/打包BH1134/ [索取号:I222.9/7] | 在馆 | |
| 4 | 405319 | 210344313 | 中心书库中库/打包BH1134/ [索取号:I222.9/7] | 在馆 | |
| 5 | 405320 | 210344331 | 中心书库中库/打包BH1134/ [索取号:I222.9/7] | 在馆 | |
| 6 | 405321 | 210344368 | 中心书库中库/打包BH1134/ [索取号:I222.9/7] | 在馆 | |
| 7 | 405322 | 210344359 | 中心书库中库/打包BH1134/ [索取号:I222.9/7] | 在馆 | |
| 8 | 405323 | 210344386 | 中心书库中库/打包BH1134/ [索取号:I222.9/7] | 在馆 | |
| 9 | 405324 | 210344377 | 中心书库中库/打包BH1134/ [索取号:I222.9/7] | 在馆 | |
| 10 | 405325 | 210344395 | 中心书库中库/打包BH1134/ [索取号:I222.9/7] | 在馆 |